Organización de la cadena de suministro en la empresa Harinera de Maíz de Jalisco, S.A. de C.V. /

Spremljeno u:
Bibliografski detalji
Glavni autor: Celis Ortiz, Víctor Manuel (autor)
Format: Disertacija Knjiga
Jezik:španjolski
Teme:
Oznake: Dodaj oznaku
Bez oznaka, Budi prvi tko označuje ovaj zapis!

MARC

LEADER 00000nam^a2200000^a^4500
001 000161984
005 20250521000000.0
009 20260310100816.045
037 |a Acervo ITESO - Biblioteca 
041 |a ESP 
090 |a IIN. 460 
100 |a Celis Ortiz, Víctor Manuel  |e (autor) 
245 1 0 |a Organización de la cadena de suministro en la empresa Harinera de Maíz de Jalisco, S.A. de C.V. /  |c V.M. Celis Ortiz. 
264 |a Guadalajara, México :  |b edición de autor,  |c 2001 
300 |a 1 disco compacto de computadora 
336 |a datos para computadora  |b cod  |2 rdacontenido 
337 |a computadora  |b c  |2 rdamedio 
338 |a disco de computadora  |b cd  |2 rdasoporte 
502 |a ITESO Reporte Profesional de Licenciatura en Ingeniería Industrial 
649 |a XX 
650 |a Vendedores 
650 |a Atención al Cliente 
650 |a Calidad en el Servicio 
650 |a Ventas 
650 |a Distribución del Producto 
650 |a Proceso de Producción 
650 |a Mercadotecnia 
650 |a Administración del Producto 
650 |a Proceso Administrativo 
650 |a Administración 
650 |a Ciencias Administrativas 
650 |a Ingeniería Industrial 
910 |a Fondo General 
920 |a Electrónicos - Tesis del ITESO en Disco 
905 |a 202 
901 |a 0500259454  |b IT2  |c STS  |u 20250521 
902 |a https://opac.biblio.iteso.mx/vufind/Record/000161984